000
00257nam a22001097a 4500
008
160507b xxu||||| |||| 00| 0 eng d
020
_a
1585280887
041
_a
eng
080
_a
615
245
_a
Clinical pharmacokinetics:
_c
John E. Murphy;
942
_2
udc
_c
BK
999
_c
1904
_d
1904